Lesistość województw w 2023 - nagła śmierć - Statystyki

Ogólne statystyki
  • Ten quiz został rozwiązany 17 razy
  • Średni wynik to 2 z 6
Answers on the Grid
Answers color-coded by a green-red scale on the quiz's grid according to % correct below.
Dolnośląskie
Kujawsko-pomorskie
Lubelskie
Lubuskie
Łódzkie
Małopolskie
Mazowieckie
Opolskie
Podkarpackie
Podlaskie
Pomorskie
Śląskie
Świętokrzyskie
Warmińsko-mazurskie
Wielkopolskie
Zachodniopomorskie
 
Statystyki odpowiedzi
Odpowiedź % Poprawnych
49,4 % Lubuskie
80%
31,9 % Warmińsko-mazurskie
47%
38,3 % Podkarpackie
33%
35,9 % Zachodniopomorskie
27%
34,2 % Pomorskie
20%
32,2 % Śląskie
20%
Nie znaleziono quizów pasujących do podanych kryteriów
Rozkład punktacji
Procent ludzi z każdym wynikiem
Percentyl według liczby udzielonych odpowiedzi
Twoja historia wyników
Nie rozwiązałeś tego quizu